Tendencias en la comercialización de productos agrícolas en América Central /

Na minha lista:
Detalhes bibliográficos
Autor principal: Granados C, Evelio
Formato: Texto
Assuntos:
Tags: Adicionar Tag
Sem tags, seja o primeiro a adicionar uma tag!

MARC

LEADER 00000 a a2200000 04500
001 12574
003
040
100 |a Granados C, Evelio  
245 |a Tendencias en la comercialización de productos agrícolas en América Central /  |c Evelio Granados C 
650 |a COMERCIALIZACION  
650 |a PRODUCTOS AGROPECUARIOS  
650 |a MODERNIZACION  
650 |a AJUSTE ESTRUCTURAL  
650 |a ESTADO  
650 |a ORGANIZACIONES NO GUBERNAMENTALES  
650 |a MERCADO  
650 |a SECTOR AGROPECUARIO  
650 |a EXPORTACIONES  
650 |a DESARROLLO REGIONAL  
773 |g volumen 2, número 1 (3); páginas 23-39  
999 |c 22198  |d 22198